[Event "MCR mladeze v rapidu 2019"]
[Site "Trest"]
[Date "2019.09.07"]
[Round "2"]
[White "Licka, Denis"]
[Black "Paseka, Matyas"]
[Result "0-1"]
[BlackElo "2119"]
[WhiteElo "1645"]
[LiveChessVersion "1.4.8"]

1. e4 {[%clk 0:20:08]} c5 {[%clk 0:20:09]} 2. Nf3 {[%clk 0:20:12]} d6
{[%clk 0:20:13]} 3. d4 {[%clk 0:20:16]} cxd4 {[%clk 0:20:17]} 4. Nxd4
{[%clk 0:20:20]} Nf6 {[%clk 0:20:21]} 5. Nc3 {[%clk 0:20:24]} a6 {[%clk 0:20:25]}
6. Be3 {[%clk 0:20:27]} e5 {[%clk 0:20:29]} 7. Nb3 {[%clk 0:20:31]} Be6
{[%clk 0:20:33]} 8. Be2 {[%clk 0:20:33]} Nbd7 {[%clk 0:20:10]} 9. f3
{[%clk 0:20:35]} h5 {[%clk 0:20:14]} 10. h4 {[%clk 0:20:17]} b5 {[%clk 0:20:12]}
11. Qd2 {[%clk 0:19:59]} Qc7 {[%clk 0:19:50]} 12. O-O-O {[%clk 0:20:01]} Nb6
{[%clk 0:19:19]} 13. Kb1 {[%clk 0:19:46]} Nc4 {[%clk 0:18:50]} 14. Bxc4
{[%clk 0:19:37]} bxc4 {[%clk 0:18:41]} 15. Nc1 {[%clk 0:19:03]} Rb8
{[%clk 0:18:35]} 16. Nd5 {[%clk 0:18:27]} Bxd5 {[%clk 0:18:29]} 17. exd5
{[%clk 0:18:25]} c3 {[%clk 0:18:24]} 18. Qd3 {[%clk 0:17:53]} Rxb2+
{[%clk 0:17:36]} 19. Ka1 {[%clk 0:17:55]} Rb5 {[%clk 0:15:03]} 20. Nb3
{[%clk 0:16:15]} Nxd5 {[%clk 0:12:54]} 21. Qxd5 {[%clk 0:15:46]} Rxd5
{[%clk 0:12:57]} 22. Rxd5 {[%clk 0:15:50]} Be7 {[%clk 0:12:48]} 23. g3
{[%clk 0:10:04]} Qb7 {[%clk 0:11:42]} 24. Rhd1 {[%clk 0:09:54]} O-O
{[%clk 0:11:45]} 25. Bc1 {[%clk 0:06:21]} Qb4 {[%clk 0:11:00]} 26. R5d3
{[%clk 0:04:04]} Rc8 {[%clk 0:10:57]} 27. a3 {[%clk 0:00:16]} Qb6
{[%clk 0:11:00]} 28. Be3 {[%clk 0:00:08]} Qb7 {[%clk 0:10:56]} 29. Bc1
{[%clk 0:00:07]} Qc7 {[%clk 0:10:18]} 30. Ka2 {[%clk 0:00:09]} a5
{[%clk 0:10:15]} 31. a4 {[%clk 0:00:11]} Qc4 {[%clk 0:10:18]} 32. Kb1
{[%clk 0:00:06]} Qxa4 {[%clk 0:10:03]} 33. Rd5 {[%clk 0:00:08]} Rb8
{[%clk 0:09:57]} 34. R1d3 {[%clk 0:00:08]} Qb4 {[%clk 0:09:22]} 35. Ka2
{[%clk 0:00:07]} a4 {[%clk 0:09:22]} 36. Na1 {[%clk 0:00:06]} Qc4+
{[%clk 0:09:07]} 37. Ka3 {[%clk 0:00:06]} Rb1 {[%clk 0:08:51]} 0-1

[Event "MCR mladeze v rapidu 2019"]
[Site "Trest"]
[Date "2019.09.07"]
[Round "2"]
[White "Buchta, Bartolomej"]
[Black "Brozka, Karel"]
[Result "1/2-1/2"]
[BlackElo "1971"]
[WhiteElo "1631"]
[LiveChessVersion "1.4.8"]

1. e4 {[%clk 0:20:09]} c6 {[%clk 0:20:09]} 2. d4 {[%clk 0:20:12]} d5
{[%clk 0:20:14]} 3. Nc3 {[%clk 0:20:14]} dxe4 {[%clk 0:20:15]} 4. Nxe4
{[%clk 0:20:17]} Nd7 {[%clk 0:20:19]} 5. Nf3 {[%clk 0:20:08]} Ngf6
{[%clk 0:20:23]} 6. Nxf6+ {[%clk 0:20:08]} Nxf6 {[%clk 0:20:27]} 7. Bc4
{[%clk 0:19:46]} Bf5 {[%clk 0:19:54]} 8. Bf4 {[%clk 0:18:38]} e6 {[%clk 0:19:50]}
9. O-O {[%clk 0:17:54]} Bd6 {[%clk 0:19:37]} 10. Be5 {[%clk 0:16:23]} O-O
{[%clk 0:19:28]} 11. Re1 {[%clk 0:15:45]} Bxe5 {[%clk 0:18:48]} 12. dxe5
{[%clk 0:15:10]} Nd5 {[%clk 0:18:02]} 13. Nd4 {[%clk 0:14:38]} Bg6
{[%clk 0:18:06]} 14. c3 {[%clk 0:13:39]} Qb6 {[%clk 0:17:48]} 15. Qb3
{[%clk 0:13:27]} Qxb3 16. axb3 {[%clk 0:12:51]} a6 {[%clk 0:17:22]} 17. b4
{[%clk 0:12:15]} Rfd8 {[%clk 0:16:33]} 18. Nb3 {[%clk 0:10:51]} Rab8
{[%clk 0:14:33]} 19. Na5 {[%clk 0:09:31]} Rdc8 {[%clk 0:11:16]} 20. Nxb7
{[%clk 0:05:32]} Rxb7 {[%clk 0:10:16]} 21. Bxa6 {[%clk 0:05:36]} Rbc7
{[%clk 0:10:20]} 22. Bxc8 {[%clk 0:05:39]} Rxc8 {[%clk 0:10:24]} 23. Ra7
{[%clk 0:05:04]} h6 {[%clk 0:09:52]} 24. Rea1 {[%clk 0:05:02]} Bd3
{[%clk 0:09:37]} 25. Ra8 {[%clk 0:04:44]} Rxa8 {[%clk 0:09:34]} 26. Rxa8+
{[%clk 0:04:48]} Kh7 {[%clk 0:09:38]} 27. Rc8 {[%clk 0:04:30]} Bb5
{[%clk 0:09:05]} 28. g3 {[%clk 0:04:20]} Kg6 {[%clk 0:09:04]} 29. f4
{[%clk 0:03:36]} Nb6 {[%clk 0:09:06]} 30. Rc7 {[%clk 0:03:32]} Na4
{[%clk 0:09:09]} 31. c4 {[%clk 0:03:19]} Bxc4 {[%clk 0:09:13]} 32. Rxc6
{[%clk 0:03:22]} Nxb2 {[%clk 0:08:15]} 33. b5 {[%clk 0:02:53]} Bd5
{[%clk 0:08:19]} 34. Rc1 {[%clk 0:02:27]} Nc4 {[%clk 0:08:08]} 35. Rb1
{[%clk 0:02:20]} Na5 {[%clk 0:07:57]} 36. b6 {[%clk 0:02:03]} f6 {[%clk 0:07:10]}
37. exf6 {[%clk 0:01:50]} Kxf6 {[%clk 0:06:38]} 38. Kf2 {[%clk 0:01:47]} Ke5
1/2-1/2

[Event "MCR mladeze v rapidu 2019"]
[Site "Trest"]
[Date "2019.09.07"]
[Round "2"]
[White "Smolik, Jachym"]
[Black "Vasinek, Martin"]
[Result "0-1"]
[BlackElo "1606"]
[WhiteElo "1873"]
[LiveChessVersion "1.4.8"]

1. d4 {[%clk 0:20:09]} Nf6 {[%clk 0:20:09]} 2. Nf3 {[%clk 0:20:13]} d6
{[%clk 0:20:13]} 3. c4 {[%clk 0:20:15]} g6 {[%clk 0:20:17]} 4. Nc3
{[%clk 0:20:20]} Bg7 {[%clk 0:20:21]} 5. e4 {[%clk 0:20:24]} Nbd7
{[%clk 0:20:22]} 6. Be2 {[%clk 0:20:19]} O-O {[%clk 0:20:25]} 7. O-O
{[%clk 0:20:22]} c5 {[%clk 0:20:28]} 8. d5 {[%clk 0:20:22]} Ng4 {[%clk 0:18:05]}
9. Nd2 {[%clk 0:18:39]} Ngf6 {[%clk 0:17:37]} 10. Kh1 {[%clk 0:17:59]} Nb6
{[%clk 0:17:06]} 11. f4 {[%clk 0:17:23]} h6 {[%clk 0:15:11]} 12. Nf3
{[%clk 0:17:21]} Bg4 {[%clk 0:15:08]} 13. Be3 {[%clk 0:16:51]} Bxf3
{[%clk 0:14:55]} 14. Rxf3 {[%clk 0:16:54]} Ng4 {[%clk 0:14:44]} 15. Bg1
{[%clk 0:16:43]} Qd7 {[%clk 0:14:28]} 16. Rg3 {[%clk 0:16:14]} Nf6
{[%clk 0:13:32]} 17. e5 {[%clk 0:15:33]} Nh7 {[%clk 0:12:43]} 18. e6
{[%clk 0:14:40]} fxe6 {[%clk 0:12:20]} 19. Bg4 {[%clk 0:14:08]} Qe8
{[%clk 0:12:05]} 20. Bxe6+ {[%clk 0:14:10]} Kh8 {[%clk 0:12:09]} 21. f5
{[%clk 0:12:20]} gxf5 {[%clk 0:12:09]} 22. Qd3 {[%clk 0:11:36]} Nd7
{[%clk 0:10:25]} 23. Bxf5 {[%clk 0:09:33]} Ne5 {[%clk 0:10:25]} 24. Qc2
{[%clk 0:09:33]} Ng5 {[%clk 0:09:36]} 25. Be3 {[%clk 0:07:47]} Bf6
{[%clk 0:08:59]} 26. Ne4 {[%clk 0:04:43]} Rg8 {[%clk 0:06:59]} 27. Nxg5
{[%clk 0:04:43]} Bxg5 {[%clk 0:06:59]} 28. Bxg5 Rxg5 {[%clk 0:06:40]} 29. Rxg5
{[%clk 0:03:43]} hxg5 {[%clk 0:06:41]} 30. Re1 {[%clk 0:03:33]} Qh5
{[%clk 0:06:32]} 31. Re3 {[%clk 0:02:43]} g4 {[%clk 0:05:46]} 32. Bxg4
{[%clk 0:02:43]} Qxg4 {[%clk 0:05:46]} 33. Rh3+ {[%clk 0:01:42]} Kg7
{[%clk 0:04:40]} 34. Rg3 {[%clk 0:01:41]} Qxg3 {[%clk 0:04:42]} 35. hxg3
{[%clk 0:01:45]} Rh8+ {[%clk 0:04:46]} 36. Kg1 {[%clk 0:01:49]} Rh6
{[%clk 0:04:45]} 37. Qb3 {[%clk 0:01:39]} b6 {[%clk 0:04:38]} 38. Qa4
{[%clk 0:01:33]} a5 {[%clk 0:04:26]} 39. Qb3 {[%clk 0:01:14]} Rg6
{[%clk 0:04:23]} 40. Qxb6 {[%clk 0:01:14]} Nxc4 {[%clk 0:04:24]} 41. Qb5
{[%clk 0:01:14]} Rg4 {[%clk 0:04:15]} 42. b3 {[%clk 0:01:00]} Ne5
{[%clk 0:04:01]} 43. Qxa5 {[%clk 0:01:00]} Rxg3 {[%clk 0:04:04]} 44. Kf2
{[%clk 0:00:54]} Rg4 {[%clk 0:03:57]} 45. Qd8 {[%clk 0:00:46]} Kf7
{[%clk 0:03:49]} 46. a4 {[%clk 0:00:35]} Rb4 {[%clk 0:03:42]} 47. a5
{[%clk 0:00:32]} Rxb3 {[%clk 0:03:45]} 48. a6 {[%clk 0:00:34]} Ra3
{[%clk 0:03:44]} 49. Qb6 {[%clk 0:00:28]} c4 {[%clk 0:03:37]} 50. a7
{[%clk 0:00:17]} c3 {[%clk 0:03:40]} 51. Ke2 {[%clk 0:00:17]} Ra2+
{[%clk 0:03:38]} 52. Ke3 {[%clk 0:00:12]} Nc4+ {[%clk 0:03:40]} 0-1

[Event "MCR mladeze v rapidu 2019"]
[Site "Trest"]
[Date "2019.09.07"]
[Round "2"]
[White "Simunek, Jakub Simon"]
[Black "Dolensky, Filip"]
[Result "1-0"]
[BlackElo "1870"]
[WhiteElo "1608"]
[LiveChessVersion "1.4.8"]

1. d4 {[%clk 0:20:07]} Nf6 {[%clk 0:20:09]} 2. Nf3 {[%clk 0:20:07]} g6
{[%clk 0:20:10]} 3. Nc3 {[%clk 0:20:08]} Bg7 {[%clk 0:20:13]} 4. e4
{[%clk 0:20:03]} d6 {[%clk 0:20:17]} 5. Bf4 {[%clk 0:20:02]} O-O {[%clk 0:20:19]}
6. Qd2 {[%clk 0:20:02]} Nbd7 {[%clk 0:19:21]} 7. Bh6 {[%clk 0:20:01]} c5
{[%clk 0:18:56]} 8. d5 {[%clk 0:20:02]} a6 {[%clk 0:18:46]} 9. a4
{[%clk 0:19:34]} Qa5 {[%clk 0:18:15]} 10. h4 {[%clk 0:14:14]} Nxe4
{[%clk 0:17:51]} 11. Nxe4 {[%clk 0:13:40]} Qxd2+ {[%clk 0:17:54]} 12. Nfxd2
{[%clk 0:13:38]} Bxh6 {[%clk 0:17:57]} 13. h5 {[%clk 0:13:32]} Bg7
{[%clk 0:17:12]} 14. hxg6 {[%clk 0:13:18]} fxg6 {[%clk 0:16:39]} 15. c3
{[%clk 0:12:26]} Ne5 {[%clk 0:16:27]} 16. Be2 {[%clk 0:11:47]} Bf5
{[%clk 0:15:36]} 17. O-O-O {[%clk 0:10:32]} Ng4 {[%clk 0:14:27]} 18. Bxg4
{[%clk 0:09:21]} Bxg4 {[%clk 0:14:29]} 19. f3 {[%clk 0:09:23]} Bf5
{[%clk 0:13:55]} 20. Rde1 {[%clk 0:08:51]} Be5 {[%clk 0:12:46]} 21. Ng5
{[%clk 0:06:20]} Bf4 {[%clk 0:09:21]} 22. Ne6 {[%clk 0:05:57]} Bxe6
{[%clk 0:07:43]} 23. Rxe6 {[%clk 0:06:00]} Rfe8 {[%clk 0:06:15]} 24. Rhe1
{[%clk 0:05:25]} Kf7 {[%clk 0:06:03]} 25. R6e4 {[%clk 0:04:04]} Bxd2+
{[%clk 0:05:16]} 26. Kxd2 {[%clk 0:04:06]} b5 {[%clk 0:05:04]} 27. Rh1
{[%clk 0:03:16]} Kg7 {[%clk 0:04:04]} 28. Rhe1 {[%clk 0:03:17]} Ra7
{[%clk 0:03:48]} 29. a5 {[%clk 0:02:49]} Rc7 {[%clk 0:03:05]} 30. b4
{[%clk 0:01:45]} cxb4 {[%clk 0:02:37]} 31. cxb4 {[%clk 0:01:49]} h5
{[%clk 0:02:04]} 32. Kd3 {[%clk 0:01:24]} Kf6 {[%clk 0:01:39]} 33. Rf4+
{[%clk 0:01:19]} Kg7 {[%clk 0:01:01]} 34. Rfe4 {[%clk 0:01:12]} Kf6
{[%clk 0:00:54]} 35. Rf4+ {[%clk 0:01:05]} Kg5 {[%clk 0:00:53]} 36. Rfe4
{[%clk 0:01:02]} Rec8 {[%clk 0:00:51]} 37. Rxe7 {[%clk 0:00:59]} Rc3+
{[%clk 0:00:55]} 38. Kd2 {[%clk 0:00:48]} Rc2+ {[%clk 0:00:58]} 39. Kd3
{[%clk 0:00:43]} R8c3+ {[%clk 0:00:50]} 40. Kd4 {[%clk 0:00:28]} Rc4+
{[%clk 0:00:38]} 41. Kd3 {[%clk 0:00:32]} Rxg2 {[%clk 0:00:24]} 42. R7e6
{[%clk 0:00:31]} Rxb4 43. Rxd6 {[%clk 0:00:21]} Rb3+ {[%clk 0:00:16]} 44. Kd4
{[%clk 0:00:21]} Rd2+ {[%clk 0:00:15]} 45. Kc5 {[%clk 0:00:23]} Rc3+
{[%clk 0:00:16]} 46. Kb4 {[%clk 0:00:26]} Rc4+ {[%clk 0:00:16]} 47. Kb3
{[%clk 0:00:29]} Rd3+ {[%clk 0:00:17]} 48. Kb2 {[%clk 0:00:30]} Rcd4
{[%clk 0:00:14]} 49. Rxa6 {[%clk 0:00:12]} Rxd5 {[%clk 0:00:18]} 50. Rb6
{[%clk 0:00:19]} h4 {[%clk 0:00:20]} 51. a6 Rd6 {[%clk 0:00:12]} 52. a7
{[%clk 0:00:15]} Rd2+ {[%clk 0:00:11]} 53. Kb1 {[%clk 0:00:13]} Rd1+
{[%clk 0:00:07]} 54. Rxd1 {[%clk 0:00:17]} Rxd1+ {[%clk 0:00:12]} 55. Kb2
{[%clk 0:00:20]} Rd2+ {[%clk 0:00:16]} 56. Kb3 {[%clk 0:00:23]} Rd3+
{[%clk 0:00:20]} 57. Kb4 {[%clk 0:00:27]} Rd4+ {[%clk 0:00:23]} 58. Kxb5
{[%clk 0:00:30]} h3 {[%clk 0:00:26]} 59. a8=Q {[%clk 0:00:31]} h2
{[%clk 0:00:30]} 60. f4+ {[%clk 0:00:32]} Rxf4 {[%clk 0:00:33]} 61. Qg2+
{[%clk 0:00:27]} Rg4 {[%clk 0:00:30]} 62. Qxh2 {[%clk 0:00:25]} Rh4
{[%clk 0:00:34]} 63. Qg3+ {[%clk 0:00:27]} Rg4 {[%clk 0:00:38]} 64. Rxg6+ 1-0

[Event "MCR mladeze v rapidu 2019"]
[Site "Trest"]
[Date "2019.09.07"]
[Round "2"]
[White "Havelkova, Beata"]
[Black "Archlebova, Stela"]
[Result "1-0"]
[BlackElo "1364"]
[WhiteElo "1541"]
[LiveChessVersion "1.4.8"]

1. e4 {[%clk 0:20:09]} e5 {[%clk 0:20:09]} 2. Nf3 {[%clk 0:20:12]} Nc6
{[%clk 0:20:11]} 3. Bb5 {[%clk 0:20:16]} d6 {[%clk 0:19:56]} 4. d4
{[%clk 0:20:08]} f6 {[%clk 0:19:30]} 5. d5 {[%clk 0:20:11]} a6 {[%clk 0:19:27]}
6. Bxc6+ {[%clk 0:19:46]} bxc6 {[%clk 0:19:29]} 7. dxc6 {[%clk 0:19:47]} Ne7
{[%clk 0:19:28]} 8. O-O {[%clk 0:18:57]} Nxc6 {[%clk 0:19:20]} 9. c4
{[%clk 0:18:06]} Be7 {[%clk 0:19:07]} 10. Nc3 {[%clk 0:17:15]} O-O
{[%clk 0:18:56]} 11. Qd5+ {[%clk 0:17:13]} Kh8 {[%clk 0:18:16]} 12. Qxc6
{[%clk 0:17:15]} Be6 {[%clk 0:17:48]} 13. Qa4 {[%clk 0:16:35]} Qc8
{[%clk 0:15:56]} 14. Nd5 {[%clk 0:16:17]} Re8 {[%clk 0:15:17]} 15. Qd1
{[%clk 0:15:34]} Rb8 {[%clk 0:15:04]} 16. Nh4 {[%clk 0:15:10]} c6
{[%clk 0:14:49]} 17. Nxe7 Rxe7 {[%clk 0:14:43]} 18. Qxd6 {[%clk 0:13:41]} Rbb7
{[%clk 0:14:03]} 19. Qd3 {[%clk 0:13:02]} Rbd7 {[%clk 0:13:55]} 20. Qf3
{[%clk 0:12:15]} Bxc4 {[%clk 0:13:28]} 21. Re1 {[%clk 0:11:10]} Qc7
{[%clk 0:12:22]} 22. Be3 {[%clk 0:10:43]} Rd3 {[%clk 0:12:00]} 23. b3
{[%clk 0:09:56]} Bb5 {[%clk 0:10:55]} 24. a4 {[%clk 0:09:30]} Red7
{[%clk 0:10:37]} 25. axb5 {[%clk 0:09:33]} cxb5 {[%clk 0:10:39]} 26. Rxa6
{[%clk 0:09:27]} Rd8 {[%clk 0:09:21]} 27. Raa1 {[%clk 0:08:35]} Qc3
{[%clk 0:09:05]} 28. Qe2 {[%clk 0:07:47]} Qxb3 {[%clk 0:08:36]} 29. Reb1
{[%clk 0:07:18]} Qc3 {[%clk 0:08:05]} 30. Rc1 {[%clk 0:07:05]} Qb3
{[%clk 0:07:42]} 31. Rab1 {[%clk 0:07:07]} Qa3 {[%clk 0:07:37]} 32. Bc5
{[%clk 0:06:55]} Qa4 {[%clk 0:07:01]} 33. Be7 {[%clk 0:06:46]} Rb3
{[%clk 0:02:10]} 34. Rxb3 {[%clk 0:05:22]} Qxb3 {[%clk 0:02:06]} 35. Bxd8
{[%clk 0:05:24]} Qa3 {[%clk 0:01:53]} 36. Rd1 {[%clk 0:04:44]} Qb3
{[%clk 0:01:44]} 37. Bb6 {[%clk 0:04:16]} Kg8 {[%clk 0:01:39]} 38. Rd8+
{[%clk 0:03:26]} Kf7 {[%clk 0:01:41]} 39. Qd1 {[%clk 0:03:25]} Qxd1+
{[%clk 0:01:09]} 40. Rxd1 {[%clk 0:03:29]} Ke6 {[%clk 0:01:13]} 41. Bc7
{[%clk 0:02:57]} b4 {[%clk 0:01:08]} 42. Rd6+ {[%clk 0:02:52]} Ke7
{[%clk 0:01:11]} 43. Bd8+ {[%clk 0:02:51]} Kxd6 {[%clk 0:01:14]} 44. Nf3
{[%clk 0:02:01]} b3 {[%clk 0:01:15]} 45. Nd2 {[%clk 0:02:04]} b2 {[%clk 0:01:18]}
46. Ba5 {[%clk 0:02:04]} Kc5 {[%clk 0:01:13]} 47. Bc3 {[%clk 0:02:03]} Kb5
{[%clk 0:01:07]} 48. Bxb2 {[%clk 0:01:59]} Kb4 {[%clk 0:01:11]} 49. f3
{[%clk 0:01:55]} Kc5 {[%clk 0:01:10]} 50. Kf2 {[%clk 0:01:59]} Kd6
{[%clk 0:01:14]} 51. Ke3 {[%clk 0:02:02]} Ke7 {[%clk 0:01:19]} 52. g3
{[%clk 0:01:55]} Kf7 {[%clk 0:01:22]} 53. f4 {[%clk 0:01:59]} exf4+
{[%clk 0:01:14]} 54. gxf4 {[%clk 0:02:03]} g6 {[%clk 0:01:16]} 55. Nc4
{[%clk 0:01:56]} Ke6 {[%clk 0:01:17]} 56. Kd4 {[%clk 0:01:53]} f5
{[%clk 0:01:18]} 57. e5 {[%clk 0:01:53]} h6 {[%clk 0:01:21]} 58. h4
{[%clk 0:01:54]} Kf7 {[%clk 0:00:55]} 59. Kd5 {[%clk 0:01:53]} Kg7
{[%clk 0:00:58]} 60. e6+ {[%clk 0:01:54]} Kf8 {[%clk 0:01:01]} 61. Ba3+
{[%clk 0:01:46]} Kg7 {[%clk 0:01:02]} 62. e7 {[%clk 0:01:46]} g5 {[%clk 0:01:05]}
63. e8=Q {[%clk 0:01:36]} gxf4 {[%clk 0:01:05]} 64. Qf8+ {[%clk 0:01:16]} Kg6
{[%clk 0:01:08]} 65. Ne5+ {[%clk 0:00:29]} Kh7 {[%clk 0:00:45]} 66. Qf7+
{[%clk 0:00:20]} Kh8 {[%clk 0:00:45]} 67. Ng6# 1-0

[Event "MCR mladeze v rapidu 2019"]
[Site "Trest"]
[Date "2019.09.07"]
[Round "2"]
[White "Coufalova, Laura"]
[Black "Zelbova, Lada"]
[Result "0-1"]
[BlackElo "1521"]
[WhiteElo "1347"]
[LiveChessVersion "1.4.8"]

1. e4 {[%clk 0:20:08]} c5 {[%clk 0:20:09]} 2. Nf3 {[%clk 0:20:11]} d6
{[%clk 0:20:13]} 3. Bb5+ {[%clk 0:20:12]} Bd7 {[%clk 0:20:04]} 4. Bxd7+
{[%clk 0:20:11]} Nxd7 {[%clk 0:19:59]} 5. Nc3 {[%clk 0:20:08]} Ngf6
{[%clk 0:19:43]} 6. d4 {[%clk 0:19:56]} cxd4 {[%clk 0:19:45]} 7. Nxd4
{[%clk 0:19:58]} a6 {[%clk 0:19:41]} 8. Bg5 {[%clk 0:19:43]} e6 {[%clk 0:18:46]}
9. Qf3 {[%clk 0:19:00]} Be7 {[%clk 0:17:44]} 10. O-O {[%clk 0:18:35]} O-O
{[%clk 0:17:35]} 11. Qg3 {[%clk 0:16:28]} Kh8 {[%clk 0:15:51]} 12. Rfe1
{[%clk 0:15:07]} Rc8 {[%clk 0:15:23]} 13. Nf3 {[%clk 0:12:51]} b5
{[%clk 0:14:56]} 14. e5 {[%clk 0:11:19]} dxe5 {[%clk 0:13:02]} 15. Nxe5
{[%clk 0:10:53]} Nxe5 {[%clk 0:12:51]} 16. Qxe5 {[%clk 0:10:14]} Bd6
{[%clk 0:11:48]} 17. Bxf6 {[%clk 0:08:55]} Bxe5 {[%clk 0:11:41]} 18. Bxd8
{[%clk 0:08:46]} Bxc3 {[%clk 0:11:43]} 19. bxc3 {[%clk 0:08:23]} Rfxd8
{[%clk 0:11:44]} 20. Red1 {[%clk 0:08:20]} g6 {[%clk 0:11:37]} 21. f3
{[%clk 0:08:17]} Rd5 {[%clk 0:10:57]} 22. Rxd5 {[%clk 0:08:06]} exd5
{[%clk 0:11:00]} 23. Rd1 {[%clk 0:07:55]} Rxc3 {[%clk 0:11:03]} 24. Rxd5
{[%clk 0:07:44]} Rxc2 {[%clk 0:11:04]} 25. Rd8+ {[%clk 0:07:45]} Kg7
{[%clk 0:11:06]} 26. Rd6 {[%clk 0:07:05]} Rxa2 {[%clk 0:11:09]} 27. Rb6
{[%clk 0:07:05]} Kf8 {[%clk 0:09:48]} 28. h3 {[%clk 0:06:18]} h5 {[%clk 0:09:32]}
29. g4 {[%clk 0:06:03]} hxg4 {[%clk 0:09:30]} 30. hxg4 {[%clk 0:06:03]} Kg7
{[%clk 0:09:04]} 31. g5 {[%clk 0:05:47]} Kf8 {[%clk 0:08:02]} 32. Kf1
{[%clk 0:05:43]} Ke7 {[%clk 0:07:47]} 33. Ke1 {[%clk 0:05:38]} Kd7
{[%clk 0:07:40]} 34. Kd1 {[%clk 0:05:27]} Rf2 {[%clk 0:07:02]} 35. Rf6
{[%clk 0:04:47]} Ke7 {[%clk 0:06:53]} 36. Rxa6 {[%clk 0:04:34]} Rxf3
{[%clk 0:06:52]} 37. Rb6 {[%clk 0:04:08]} Rf5 {[%clk 0:06:55]} 38. Rb7+
{[%clk 0:03:58]} Kf8 {[%clk 0:06:57]} 39. Kc2 {[%clk 0:03:15]} Rxg5
{[%clk 0:06:58]} 40. Kb3 {[%clk 0:03:14]} Kg7 {[%clk 0:06:57]} 41. Kb4
{[%clk 0:03:13]} Rf5 {[%clk 0:06:55]} 42. Rxb5 {[%clk 0:02:11]} Rxb5+
{[%clk 0:06:57]} 43. Kxb5 {[%clk 0:02:15]} Kf6 {[%clk 0:06:52]} 44. Kc4
{[%clk 0:02:18]} Ke5 {[%clk 0:06:49]} 45. Kd3 {[%clk 0:02:21]} Kf4
{[%clk 0:06:52]} 46. Ke2 {[%clk 0:02:25]} f5 {[%clk 0:06:55]} 47. Kf2
{[%clk 0:02:26]} g5 {[%clk 0:06:56]} 48. Kg2 {[%clk 0:02:25]} Ke3
{[%clk 0:07:00]} 49. Kf1 {[%clk 0:02:29]} Kf3 0-1

[Event "MCR mladeze v rapidu 2019"]
[Site "Trest"]
[Date "2019.09.07"]
[Round "2"]
[White "Sehnoutkova, Laura"]
[Black "Lipovska, Viktorie"]
[Result "1-0"]
[BlackElo "1044"]
[WhiteElo "1462"]
[LiveChessVersion "1.4.8"]

1. e4 {[%clk 0:20:08]} e5 2. Nf3 Nc6 {[%clk 0:19:56]} 3. Bc4 {[%clk 0:20:10]} Nf6
{[%clk 0:19:57]} 4. Ng5 {[%clk 0:20:02]} Qe7 {[%clk 0:19:32]} 5. Nxf7
{[%clk 0:19:02]} Rg8 {[%clk 0:19:29]} 6. Ng5 {[%clk 0:18:14]} Rh8
{[%clk 0:19:14]} 7. d3 {[%clk 0:17:28]} d6 {[%clk 0:19:05]} 8. Nc3
{[%clk 0:17:12]} Bd7 {[%clk 0:18:13]} 9. Nd5 {[%clk 0:16:41]} Nxd5
{[%clk 0:18:08]} 10. Bxd5 {[%clk 0:16:40]} O-O-O {[%clk 0:18:07]} 11. Nf7
{[%clk 0:16:41]} Be6 {[%clk 0:16:59]} 12. Bxe6+ {[%clk 0:15:47]} Qxe6
{[%clk 0:17:00]} 13. Nxh8 {[%clk 0:15:49]} Be7 {[%clk 0:16:48]} 14. Nf7
{[%clk 0:14:58]} Qxf7 {[%clk 0:16:40]} 15. Qg4+ {[%clk 0:14:46]} Kb8
{[%clk 0:16:17]} 16. Bg5 {[%clk 0:14:41]} Bxg5 {[%clk 0:16:15]} 17. Qxg5
{[%clk 0:14:42]} Rf8 {[%clk 0:15:59]} 18. f3 {[%clk 0:14:17]} Nd4
{[%clk 0:15:55]} 19. Qd2 {[%clk 0:14:05]} Qf4 {[%clk 0:15:53]} 20. Qxf4
{[%clk 0:13:45]} Rxf4 {[%clk 0:15:50]} 21. O-O-O {[%clk 0:13:41]} Ne2+
{[%clk 0:15:51]} 22. Kb1 {[%clk 0:13:44]} c6 {[%clk 0:15:41]} 23. c3
{[%clk 0:13:47]} d5 {[%clk 0:15:29]} 24. exd5 {[%clk 0:13:44]} cxd5 25. Rhe1
Nxc3+ {[%clk 0:14:27]} 26. bxc3 {[%clk 0:13:46]} d4 {[%clk 0:14:24]} 27. c4
{[%clk 0:13:47]} Rf6 {[%clk 0:14:21]} 28. Rxe5 {[%clk 0:13:50]} Rb6+
{[%clk 0:14:24]} 29. Rb5 {[%clk 0:13:53]} Re6 {[%clk 0:14:14]} 30. Rb2
{[%clk 0:13:32]} Rh6 {[%clk 0:14:13]} 31. h3 {[%clk 0:13:31]} Re6
{[%clk 0:14:03]} 32. Rf2 {[%clk 0:13:12]} g5 {[%clk 0:13:59]} 33. f4
{[%clk 0:13:10]} gxf4 {[%clk 0:14:01]} 34. Rxf4 {[%clk 0:13:13]} Re2
{[%clk 0:14:04]} 35. g4 {[%clk 0:13:04]} Rh2 {[%clk 0:14:04]} 36. Rxd4
{[%clk 0:13:02]} Rxh3 {[%clk 0:14:04]} 37. Rd7 {[%clk 0:12:53]} Rh4
{[%clk 0:14:02]} 38. Rg7 {[%clk 0:12:56]} h5 {[%clk 0:13:55]} 39. gxh5
{[%clk 0:12:57]} Rxh5 {[%clk 0:13:58]} 40. Re1 {[%clk 0:12:55]} Rh8
{[%clk 0:13:57]} 41. d4 {[%clk 0:12:57]} Kc8 {[%clk 0:13:45]} 42. d5
{[%clk 0:12:50]} b6 {[%clk 0:13:41]} 43. Reg1 {[%clk 0:12:50]} Kd8
{[%clk 0:13:34]} 44. Rg8+ {[%clk 0:12:53]} Rxg8 45. Rxg8+ Kd7 {[%clk 0:13:24]}
46. Kc2 {[%clk 0:12:56]} Kd6 {[%clk 0:13:27]} 47. Kc3 {[%clk 0:12:58]} Kc5
{[%clk 0:13:29]} 48. a4 {[%clk 0:12:59]} a5 {[%clk 0:13:32]} 49. Rc8+
{[%clk 0:12:57]} Kd6 {[%clk 0:13:34]} 50. Rc6+ {[%clk 0:13:00]} Kd7
{[%clk 0:13:37]} 51. Rxb6 {[%clk 0:13:03]} Kc7 {[%clk 0:13:40]} 52. Ra6
{[%clk 0:13:05]} Kb7 {[%clk 0:13:42]} 53. Rxa5 {[%clk 0:13:08]} Kb6
{[%clk 0:13:46]} 54. Rb5+ Kc7 {[%clk 0:13:49]} 55. Kd4 {[%clk 0:13:11]} Kd6
{[%clk 0:13:51]} 56. Rb6+ {[%clk 0:13:14]} Kc7 {[%clk 0:13:54]} 57. Rh6
{[%clk 0:13:15]} Kd7 {[%clk 0:13:56]} 58. a5 {[%clk 0:13:16]} Kc7
{[%clk 0:13:59]} 59. Kc5 {[%clk 0:13:19]} Kb7 {[%clk 0:14:02]} 60. d6
{[%clk 0:13:19]} Kc8 {[%clk 0:14:01]} 61. Rh7 {[%clk 0:13:21]} Kd8
{[%clk 0:14:05]} 62. d7 {[%clk 0:13:11]} Kc7 {[%clk 0:14:01]} 63. d8=R+
{[%clk 0:13:12]} Kxd8 {[%clk 0:14:04]} 64. Kc6 {[%clk 0:13:14]} Kc8
{[%clk 0:14:07]} 65. Rh8# 1-0